000 01264nam a2200253 i 4500
001 bg
111 2 _aOgólnopolskie Forum Wymiany Doświadczeń w Dziedzinie Eksploatacji Oczyszczalni Ścieków
_n(5 ;
_d2006 ;
_cLublin).
245 0 0 _aEksploatatorzy dla Eksploatatorów :
_b10-12 maja 2006 r. Lublin /
_c[red. Helena Darul et al. ; org. Stowarzyszenie Eksploatatorów Obiektów Gospodarki Wodno-Ściekowej].
246 1 _aOgólnopolskie Forum Wymiany Doświadczeń w Dziedzinie Eksploatacji Oczyszczalni Ścieków
260 _aLublin :
_bStowarzyszenie Eksploatatorów Obiektów Gospodarki Wodno-Ściekowej,
_c2006.
300 _awiele liczb. :
_brys., wykr. ;
_c32 cm.
500 _aSkoroszyt.
504 _aBibliogr. przy ref.
650 9 _aOczyszczalnia ścieków
_xeksploatacja
655 _aMateriały konferencyjne
700 1 _aDarul, Helena.
_eRed.
710 0 _aStowarzyszenie Ekspolatatorów Obiektów Gospodarki Wodno-Ściekowej
040 _cBPK
041 0 _apol
080 _a628.32(061)
942 _cKA
008 s pl f |000 0 pol
999 _c35192
_d35192
856 _uhttp://koha.tu.koszalin.pl/cgi-bin/koha/opac-detail.pl?biblionumber=35192
_yKatalog online BPK